000 00708nam a22001817a 4500
999 _c80725
_d80725
008 201130b ||||| |||| 00| 0 eng d
040 _bger
_cSTAFF
_erda
_aSTAFF
041 _ager
100 _aWeber-Rath, Ines
245 _aSüße Fastnacht-Verlockung.
_bDie ersten Pfannkuchen rollten am Rosenmontag um 2:30 Uhr am Hof der Sachsendorfer Familienbäckerei Baumgärtel /
_cInes Weber-Rath
653 _aFrankfurt (Oder)
653 _aBäckerei Baumgärtel
773 _dFrankfurt (Oder): Märkisches Verlags- und Druckhaus GmbH & Co KG
_g32. Jahrgang (2021) Nr. 39 vom 16.02.2021, S. 11: Foto
_tMärkische Oderzeitung
942 _cA